Economics

Na minha lista:
Detalhes bibliográficos
Autor principal: Begg, David
Outros Autores: Fischer, Stanley, Dornbusch, Rudiger
Formato: Livro
Idioma:inglês
Publicado em: London <The> McGraw-Hill companies 2005
Edição:8th ed.
Assuntos:
Tags: Adicionar Tag
Sem tags, seja o primeiro a adicionar uma tag!

MARC

LEADER 00000nam$a2200000$$$4500
001 0047710
005 20221129082521.8
020 |a 0-07-7107756 
020 |a 978-007710775-8 
020 |a 0-07-710775-6 (na obale) 
041 0 |a eng 
044 |a GB 
245 1 0 |a Economics  |c David Begg, Stanley Fischer, Rudiger Dornbusch 
250 |a 8th ed. 
264 1 |a London  |b <The> McGraw-Hill companies  |c 2005 
300 |a xxix, 674 s. 
610 2 0 |a ekonómia 
610 2 0 |a analýza ekonomická 
610 2 0 |a mikroekonomika 
610 2 0 |a ekonómia blahobytu 
610 2 0 |a makroekonomika 
610 2 0 |a hospodárstvo svetové 
100 1 |a Begg, David 
700 1 |a Fischer, Stanley 
700 1 |a Dornbusch, Rudiger